02085nam a22002057a 4500003000900000008004100009020003000050040001200080041001300092080001300105100002400118245003600142260003700178300001100215520149800226521003001724525005601754546001201810650005701822Uzh_bibl260525b |||||||| |||| 00| 0 ukr d a978-1-4052-5675-9c100.00 bукр. 2engaeng a821(410) a Morpurgo, Michael  aThe White Horse of ZennorhText aLondonb Egmont UK Limitedc2011 a150 s. aA thrilling collection of myths, legends and ghost stories from War Horse author and former Children's Laureate Michael Morpurgo. A thrilling collection of myths, legends and ghost stories from War Horse author and Britain’s best-loved storyteller Michael Morpurgo. Since the beginning of time, strange and mysterious things have happened here … At the furthest edge of Britain, where the sea gently washes over the land and myths brush against reality, lies Zennor. Set in a church town where men become beats and ghosts roam freely, these are haunting and unforgettable tales where magic lies around every corner.Захоплююча збірка міфів, легенд і історій про привидів від автора «Бойового коня» та найулюбленішого британського оповідача Майкла Морпурго. З початку часів тут відбувалися дивні й загадкові речі ... На найвіддаленішому краю Британії, де море ніжно омиває землю, а міфи торкаються реальності, лежить Зеннор. Дія відбувається в церковному містечку, де люди стають звірами, а привиди вільно блукають — це моторошні та незабутні історії, де магія чекає за кожним кутом. aДля підлітків aДля старшого шкільного віку aукр. aЛітературно-художне видання